| 000 | 00670nam a2200205Ia 4500 | ||
|---|---|---|---|
| 003 | GCL | ||
| 008 | 140319s9999 xx 000 0 ara d | ||
| 040 |
_aGCL / _cGCL |
||
| 082 | 0 | 4 |
_a953 _bس ب |
| 100 | 1 | _aسعيد عبدالفتاح عاشور | |
| 245 | 1 | 0 |
_aبحوث فى تاريخ الاسلام وحضارته / _cسعيد عبدالفتاح عاشور |
| 260 |
_a[S.N] : _bعالم الكتب الحديث ، _c1987 |
||
| 300 | _a632 ص | ||
| 490 | _a | ||
| 650 | 0 | 4 | _aالتاريخ الاسلامى |
| 650 | 0 | 4 | _aانتشار الاسلام |
| 650 | 0 | 4 | _aالعلوم عند العرب |
| 650 | 0 | 4 | _aالحضارة الاسلامية |
| 942 |
_2ddc _cBK |
||
| 999 |
_c32341 _d32341 |
||